Fantasy Premier League Quiz 21/22 - Statistics

General Stats
  • This quiz has been taken 225 times
  • The average score is 15 of 20
Answer Stats
Hint Answer % Correct
Liverpool Salah
97%
Spurs Kane
89%
Man City De Bruyne
87%
Leicester Vardy
86%
Man United Ronaldo
85%
Crystal Palace Zaha
83%
Arsenal Aubameyang
81%
Brentford Toney
81%
West Ham Antonio
78%
Norwich Pukki
76%
Leeds Bamford
75%
Chelsea Lukaku
75%
Everton Calvert-Lewin
74%
Aston Villa Ings
70%
Burnley Wood
66%
Newcastle Wilson
63%
Brighton Maupay
58%
Southampton Adams
52%
Watford Sarr
50%
Wolves Jiminez
25%
No matching quizzes found
Score Distribution
Percent of People with Each Score
Percentile by Number Answered
Your Score History
You have not taken this quiz